Catalog

Record Details

Catalog Search



Available copies

  • 1 of 1 copy available at LARL/NWRL Consortium.

Current holds

0 current holds with 1 total copy.

Show Only Available Copies
Location Call Number / Copy Notes Barcode Shelving Location Status Due Date
Red Lake Falls Public Library REI (Text) 35500005916703 Main Available -

Record details

  • ISBN: 0684859734 (hc)
  • Physical Description: 317 p. ; 24 cm.
  • Publisher: New York : Scribner, 2002.
Subject: Adult Mystery
Brennan, Temperance (Fictitious character) > Fiction.
Americans > Guatemala > Fiction.
Forensic anthropology > Fiction.
Women anthropologists > Fiction.
Guatemala > Fiction.
Mayas > Fiction.
Genre: Mystery fiction.
LDR 01636cam a22003978a 4500
00138730
003LARL_NWRL_CONSORTIUM
00520020708181139.0
008020215s2002 nyu 000 1 eng
020 . ‡a0684859734 (hc)
035 . ‡a(OCoLC)49225924
08200. ‡a813/.54 ‡221
092 . ‡aFICTION
099 . ‡aRei
1001 . ‡aReichs, Kathy. ‡0(LARL_NWRL_CONSORTIUM)73836
24510. ‡aGrave secrets ‡n#5/ ‡cKathy Reichs.
260 . ‡aNew York : ‡bScribner, ‡c2002.
300 . ‡a317 p. ; ‡c24 cm.
4900 . ‡aTemperance Brennan ; ‡v5
650 . ‡aAdult Mystery
650 0. ‡aBrennan, Temperance (Fictitious character) ‡vFiction. ‡0(LARL_NWRL_CONSORTIUM)171083
650 0. ‡aAmericans ‡zGuatemala ‡vFiction.
650 0. ‡aForensic anthropology ‡vFiction.
650 0. ‡aWomen anthropologists ‡vFiction.
651 0. ‡aGuatemala ‡vFiction.
650 0. ‡aMayas ‡vFiction. ‡0(LARL_NWRL_CONSORTIUM)166230
655 7. ‡aMystery fiction. ‡2gsafd
901 . ‡a38730 ‡bOCLC ‡c38730 ‡tbiblio

Additional Resources